[Event "Commonwealth Chess Championship 2008"]
[Site "Nagpur India"]
[Date "2008.09.29"]
[Round "?"]
[White "Balasubramaniam, Ramnathan"]
[Black "Abhijeet, Gupta"]
[Result "1/2-1/2"]
[WhiteElo "2271"]
[BlackElo "2551"]
[PlyCount "163"]
[EventDate "2008.09.28"]
[Source "MonRoi"]

1. Nf3 Nf6 2. g3 g6 3. b3 Bg7 4. Bb2 d5 5. Bg2 O-O 6. c4 c6 7. O-O Nbd7 8. cxd5
cxd5 9. d3 Re8 10. Nbd2 a5 11. Rc1 a4 12. b4 a3 13. Ba1 e5 14. Qb3 Bh6 15. e3
b6 16. Nb1 Bb7 17. d4 e4 18. Nfd2 Bf8 19. Nxa3 Ba6 20. Rfe1 Qe7 21. Bc3 Reb8
22. Ndb1 Bd3 23. Bf1 Bxf1 24. Rxf1 b5 25. Bd2 Qe6 26. Kg2 h5 27. Nc3 h4 28.
Naxb5 Qf5 29. f4 exf3+ 30. Rxf3 h3+ 31. Kf2 Qd3 32. Qc2 Qc4 33. a4 Bxb4 34. Kg1
Bxc3 35. Nxc3 Rb3 36. Rff1 Rab8 37. Nd1 Qa6 38. Nf2 Qe6 39. Rb1 Rxb1 40. Rxb1
Rxb1+ 41. Qxb1 Nb6 42. Qf1 Ne4 43. Nxe4 dxe4 44. a5 Nc4 45. Qe2 Qc6 46. Be1 Qa4
47. Kf2 Nxa5 48. Bxa5 Qxa5 49. Qg4 Qd2+ 50. Qe2 Qc1 51. Qf1 Qc8 52. Qe2 Kg7 53.
Qd1 Qf5+ 54. Kg1 Qb5 55. Qc2 Qa5 56. Kf2 Qa1 57. Qxe4 Qb2+ 58. Kf1 Qxh2 59. Qf3
f5 60. d5 Qd2 61. Kg1 g5 62. g4 fxg4 63. Qxg4 Qxe3+ 64. Kh2 Qd2+ 65. Kxh3 Qxd5
66. Qe2 Kf6 67. Qb2+ Kg6 68. Qc3 Qh1+ 69. Kg3 Qh4+ 70. Kg2 Qg4+ 71. Kh2 Qf4+
72. Kg2 Qe4+ 73. Kg3 Qh4+ 74. Kg2 Qg4+ 75. Kh2 Qe2+ 76. Kg3 Qe4 77. Qc8 Qf4+
78. Kg2 Qd2+ 79. Kg3 Qe3+ 80. Kg2 Qe2+ 81. Kg3 Qe5+ 82. Kg2 1/2-1/2

[Event "Commonwealth Chess Championship 2008"]
[Site "Nagpur India"]
[Date "2008.09.29"]
[Round "?"]
[White "R, Premnath"]
[Black "Prasad S, Arun"]
[Result "1/2-1/2"]
[WhiteElo "2257"]
[BlackElo "2492"]
[PlyCount "174"]
[EventDate "2008.09.28"]
[Source "MonRoi"]

1. d4 Nf6 2. c4 e6 3. Nf3 b6 4. e3 Bb7 5. Bd3 d5 6. cxd5 exd5 7. Nc3 Bd6 8. O-O
a6 9. a3 Nbd7 10. b4 O-O 11. Bb2 b5 12. Nd2 Nb6 13. Ra2 Re8 14. Nb3 Nc4 15. Nc5
Bc8 16. h3 c6 17. a4 Rb8 18. Qc2 Bc7 19. e4 dxe4 20. N3xe4 Nxb2 21. Rxb2 Nd5
22. axb5 axb5 23. Nd2 h6 24. Nf3 Ra8 25. Rd1 Ra3 26. Rb3 Ra7 27. Bh7+ Kh8 28.
Bf5 Bd6 29. Bxc8 Qxc8 30. Nd3 f6 31. Rc1 Ra6 32. Nh4 Kg8 33. Nc5 Bxc5 34. Qxc5
Qe6 35. Rf3 Qe7 36. Qc2 Qe4 37. Qxe4 Rxe4 38. Nf5 Kh7 39. g4 Nxb4 40. Re3 Rxe3
41. Nxe3 Ra2 42. Rc3 Rd2 43. d5 Nxd5 44. Nxd5 Rxd5 45. Rxc6 h5 46. Kg2 Kh6 47.
Kg3 Rd3+ 48. f3 h4+ 49. Kxh4 Rxf3 50. g5+ Kg6 51. Rb6 Rf4+ 52. Kg3 Kxg5 53.
Rxb5+ f5 54. Rb7 g6 55. Rh7 Rb4 56. h4+ Kf6 57. Kf3 Rb3+ 58. Kg2 f4 59. Ra7
Rg3+ 60. Kh2 Kf5 61. Ra6 Ke4 62. Ra5 Rg4 63. Kh3 Rg3+ 64. Kh2 Kf3 65. h5 gxh5
66. Rxh5 Rg2+ 67. Kh1 Re2 68. Kg1 Re1+ 69. Kh2 Kf2 70. Ra5 f3 71. Ra2+ Re2 72.
Ra1 Rb2 73. Ra3 Rc2 74. Ra1 Rd2 75. Rb1 Rd6 76. Rb2+ Ke3 77. Rb3+ Rd3 78. Rb1
Ke2 79. Rb2+ Rd2 80. Rb1 Kf2 81. Ra1 Re2 82. Rb1 Ra2 83. Rb3 Rc2 84. Rb1 Rc7
85. Rb2+ Ke3 86. Rb3+ Kf4 87. Rb4+ Ke3 1/2-1/2

[Event "Commonwealth Chess Championship 2008"]
[Site "Nagpur India"]
[Date "2008.09.29"]
[Round "?"]
[White "Enamul, Hossain"]
[Black "Rout, Padmini"]
[Result "1/2-1/2"]
[WhiteElo "2489"]
[BlackElo "2256"]
[PlyCount "56"]
[EventDate "2008.09.28"]
[Source "MonRoi"]

1. e4 c5 2. Nf3 Nc6 3. d3 g6 4. g3 Bg7 5. Bg2 Nf6 6. O-O d5 7. Nbd2 O-O 8. h3
e6 9. Re1 b6 10. exd5 exd5 11. d4 c4 12. Ne5 Nxd4 13. c3 Ne6 14. Ndxc4 Bb7 15.
Na3 Ne4 16. Nf3 f5 17. h4 Kh8 18. Nd4 Nxd4 19. cxd4 f4 20. Bxf4 Rxf4 21. gxf4
Qxh4 22. Re2 Bh6 23. Bxe4 dxe4 24. d5 Qg4+ 25. Kf1 Qh3+ 26. Kg1 Qg4+ 27. Kf1
Qh3+ 28. Kg1 Qg4+ 1/2-1/2

[Event "Commonwealth Chess Championship 2008"]
[Site "Nagpur India"]
[Date "2008.09.29"]
[Round "?"]
[White "Satchidanand, Soman"]
[Black "Magesh Chandran, Panchanathan"]
[Result "1/2-1/2"]
[WhiteElo "2251"]
[BlackElo "2486"]
[PlyCount "104"]
[EventDate "2008.09.28"]
[Source "MonRoi"]

1. d4 Nf6 2. Nf3 e6 3. Bg5 h6 4. Bh4 c5 5. e3 b6 6. Bd3 cxd4 7. exd4 Be7 8. O-O
O-O 9. Re1 Ba6 10. Ne5 Bxd3 11. Qxd3 Nc6 12. c3 Qc7 13. Nd2 d6 14. Nef3 d5 15.
Ne5 Nd7 16. Nxd7 Qxd7 17. Bxe7 Qxe7 18. Nf3 Rab8 19. Ne5 Nxe5 20. Rxe5 b5 21.
Rae1 Qd7 22. a3 a5 23. f4 b4 24. axb4 axb4 25. f5 exf5 26. Qxf5 Qxf5 27. Rxf5
Rfd8 28. Re7 f6 29. Rc7 bxc3 30. bxc3 Re8 31. h4 Rb2 32. Rf3 Re1+ 33. Kh2 Re4
34. Kh3 Rb1 35. Rc5 Rh1+ 36. Kg3 Rexh4 37. Rxd5 h5 38. Re3 Rg4+ 39. Kf3 Rg1 40.
Re2 Rf1+ 41. Rf2 Rxf2+ 42. Kxf2 h4 43. Rc5 Kf7 44. d5 Ke7 45. c4 g5 46. Rc6 f5
47. Re6+ Kf7 48. c5 Rd4 49. Re5 Kf6 50. Re6+ Kf7 51. Re5 Kf6 52. Re6+ Kf7
1/2-1/2

[Event "Commonwealth Chess Championship 2008"]
[Site "Nagpur India"]
[Date "2008.09.29"]
[Round "?"]
[White "Manisha Mohanty, Kiran"]
[Black "Chakkravarthy J, Deepan"]
[Result "0-1"]
[WhiteElo "2246"]
[BlackElo "2464"]
[PlyCount "162"]
[EventDate "2008.09.28"]
[Source "MonRoi"]

1. e4 Nf6 2. e5 Nd5 3. d4 d6 4. c4 Nb6 5. exd6 cxd6 6. Nc3 g6 7. Be3 Bg7 8. Rc1
O-O 9. b3 e5 10. dxe5 dxe5 11. Qxd8 Rxd8 12. c5 N6d7 13. Nf3 Nf8 14. Nb5 Nc6
15. Nd6 Rb8 16. Nxc8 Rbxc8 17. Bc4 h6 18. Nd2 Na5 19. Be2 Ne6 20. Nc4 Nxc4 21.
Bxc4 Nd4 22. Bxd4 Rxd4 23. Ke2 Bf8 24. Rhd1 Rxc5 25. Rxd4 exd4 26. a4 Rg5 27.
g3 Bb4 28. Bd3 Bc3 29. Rb1 Kf8 30. b4 Ke7 31. Be4 Re5 32. Kd3 b6 33. b5 Kd6 34.
g4 Kc5 35. f4 Re8 36. f5 gxf5 37. gxf5 Rg8 38. f6 Rg5 39. Rf1 Kd6 40. Rf2 Ke5
41. h4 Rg3+ 42. Rf3 Rxf3+ 43. Bxf3 Kxf6 44. Ke4 Ke6 45. Bg4+ Kd6 46. Bh5 f6 47.
Be2 Kc5 48. Kf5 Be1 49. h5 Bh4 50. Ke4 Bf2 51. Kd3 Kb4 52. Bd1 Be3 53. Bc2 f5
54. Bd1 f4 55. Bc2 f3 56. Bd1 f2 57. Be2 Kxa4 58. Kc2 Kb4 59. Bf1 Bf4 60. Be2
Bb8 61. Bd3 Bg3 62. Be2 Bb8 63. Bf1 Ka5 64. Kd2 Ka4 65. Kc2 a5 66. bxa6 b5 67.
Bd3 Ka5 68. Kd2 Kxa6 69. Ke2 Bg3 70. Kf3 Bh4 71. Ke4 Bf6 72. Kf3 Bh4 73. Ke4
Ka5 74. Kxd4 b4 75. Be2 Ka4 76. Kd3 Ka3 77. Kc2 b3+ 78. Kb1 Bf6 79. Bf1 Kb4 80.
Be2 Kc3 81. Bd1 f1=Q 0-1

[Event "Commonwealth Chess Championship 2008"]
[Site "Nagpur India"]
[Date "2008.09.29"]
[Round "?"]
[White "Das, Neelotpal"]
[Black "Kumar R A, Pradeep"]
[Result "1/2-1/2"]
[WhiteElo "2462"]
[BlackElo "2250"]
[PlyCount "146"]
[EventDate "2008.09.28"]
[Source "MonRoi"]

1. d4 Nf6 2. Nf3 g6 3. Bg5 Bg7 4. Nbd2 c5 5. c3 cxd4 6. cxd4 d5 7. e3 Ne4 8.
Nxe4 dxe4 9. Nd2 Qa5 10. Bf4 Nc6 11. Be2 e5 12. dxe5 O-O 13. Qc2 Bxe5 14. Bxe5
Qxe5 15. O-O Re8 16. Nc4 Qg5 17. Rfd1 Bh3 18. Bf1 Bg4 19. Rd2 Ne5 20. Nxe5 Rxe5
21. Qc7 Qe7 22. Rc1 Re8 23. h3 Bc8 24. Qxe7 R5xe7 25. Bb5 Rf8 26. Rdc2 Be6 27.
Rc7 Rxc7 28. Rxc7 a6 29. Be2 b5 30. Ra7 Bxa2 31. Rxa6 Bc4 32. Bxc4 bxc4 33. Rc6
Rb8 34. Rxc4 Rxb2 35. Rxe4 Kg7 36. Re5 h5 37. g4 hxg4 38. hxg4 Kf6 39. Ra5 g5
40. Kg2 Rb1 41. Ra6+ Kg7 42. Ra5 Kg6 43. Ra8 Kg7 44. Rd8 Ra1 45. Kf3 Rg1 46.
Rd4 Kg6 47. Rd6+ Kg7 48. Ra6 Rf1 49. Ke2 Rg1 50. Kf3 Rf1 51. Ra5 Kg6 52. Rf5
Rg1 53. Ra5 Rf1 54. Ke2 Rg1 55. f3 Rb1 56. Kd3 Rb3+ 57. Kd4 Rb6 58. Rf5 Rd6+
59. Kc5 Ra6 60. e4 f6 61. Kb4 Ra1 62. Ra5 Rb1+ 63. Kc4 Rf1 64. Ra3 Kf7 65. Kd4
Re1 66. Re3 Ra1 67. Rc3 Re1 68. Rc7+ Kg6 69. Ra7 Rb1 70. Ra3 Re1 71. Kd5 Rb1
72. Ra6 Rb3 73. e5 Rb5+ 1/2-1/2

[Event "Commonwealth Chess Championship 2008"]
[Site "Nagpur India"]
[Date "2008.09.29"]
[Round "?"]
[White "Deep, Sengupta"]
[Black "Bhuvanesh R, Ramnath"]
[Result "1-0"]
[WhiteElo "2454"]
[BlackElo "2239"]
[PlyCount "57"]
[EventDate "2008.09.28"]
[Source "MonRoi"]

1. d4 Nf6 2. Nf3 g6 3. Nbd2 d5 4. e3 Bg7 5. b4 O-O 6. Be2 Bg4 7. Bb2 Nbd7 8. c4
Re8 9. O-O c6 10. h3 Bxf3 11. Nxf3 Ne4 12. Rc1 Nd6 13. cxd5 cxd5 14. Qb3 Nb6
15. Nd2 Qd7 16. b5 e5 17. dxe5 Bxe5 18. Bxe5 Rxe5 19. a4 Qe7 20. Rfd1 Rc8 21.
Rxc8+ Nbxc8 22. Nf3 Rh5 23. Nh2 Re5 24. Nf3 Rh5 25. a5 Qc7 26. Nh2 Re5 27. Ng4
Re6 28. Qb2 Ne4 29. Rc1 1-0

[Event "Commonwealth Chess Championship 2008"]
[Site "Nagpur India"]
[Date "2008.09.29"]
[Round "?"]
[White "Rao, Prasanna"]
[Black "K, Rathnakaran"]
[Result "1/2-1/2"]
[WhiteElo "2233"]
[BlackElo "2453"]
[PlyCount "146"]
[EventDate "2008.09.28"]
[Source "MonRoi"]

1. e4 e6 2. d4 d5 3. Nd2 Nf6 4. e5 Nfd7 5. Bd3 c5 6. c3 Nc6 7. Ngf3 Qb6 8. O-O
g6 9. dxc5 Nxc5 10. Nb3 Nxd3 11. Qxd3 Bg7 12. Bf4 O-O 13. Rfe1 a5 14. Qd2 a4
15. Nbd4 Bd7 16. Bh6 Na5 17. Bxg7 Kxg7 18. b3 axb3 19. axb3 Ra6 20. Qg5 Qd8 21.
Qe3 Qe7 22. h4 Rfa8 23. h5 gxh5 24. Ng5 h6 25. Nh3 Qh4 26. Qf3 Nc6 27. Rxa6
Rxa6 28. Kh2 Ra2 29. Re3 Kf8 30. g3 Qg4 31. Qf6 Qg6 32. Qh8+ Ke7 33. Rf3 Be8
34. Rf6 Qe4 35. Rf4 Qg6 36. Rf6 Qe4 37. Rf4 Qe1 38. Nxe6 fxe6 39. Qf8+ Kd7 40.
Qd6+ Kc8 41. Rf8 Nd8 42. Qc5+ Kd7 43. Qd6+ Kc8 44. Qc5+ Kd7 45. Qb5+ Kc7 46.
Qxe8 Nc6 47. Qxe6 Ra1 48. Qxd5 Rd1 49. Qf3 Nxe5 50. Rf7+ Nxf7 51. Qxf7+ Kb6 52.
Qf3 Rc1 53. c4 Rb1 54. Qd5 Qd1 55. Qb5+ Kc7 56. Qc5+ Kd7 57. Qf5+ Kd6 58. Qf8+
Kc6 59. Qxh6+ Kc5 60. Qe3+ Kb4 61. Qb6+ Kc3 62. Qxb7 Rxb3 63. Qe4 Qd4 64. Qe1+
Kxc4 65. Nf4 Rb2 66. Kg2 h4 67. Qe6+ Kb4 68. Nd5+ Kc5 69. Ne3 hxg3 70. Qe7+ Qd6
71. Qxd6+ Kxd6 72. Nc4+ Kc5 73. Nxb2 gxf2 1/2-1/2

[Event "Commonwealth Chess Championship 2008"]
[Site "Nagpur India"]
[Date "2008.09.29"]
[Round "?"]
[White "Srinath, Narayanan"]
[Black "M  S, Thejkumar"]
[Result "1/2-1/2"]
[WhiteElo "2220"]
[BlackElo "2441"]
[PlyCount "164"]
[EventDate "2008.09.28"]
[Source "MonRoi"]

1. e4 c6 2. d4 d5 3. e5 Bf5 4. Nf3 e6 5. Be2 Be7 6. O-O g5 7. Ne1 Bg6 8. f4 h5
9. Bd3 Nh6 10. Bxg6 fxg6 11. fxg5 Bxg5 12. c3 Nf5 13. Nd3 Nd7 14. a4 Qe7 15.
Bxg5 Qxg5 16. Qd2 Qxd2 17. Nxd2 g5 18. Rf2 Ke7 19. a5 Rhg8 20. Nb3 g4 21. Raf1
Rg5 22. Nbc5 Nxc5 23. Nxc5 Rb8 24. g3 b6 25. axb6 axb6 26. Nd3 Ra8 27. Nb4 Kd7
28. Nc2 c5 29. b4 Kc6 30. dxc5 bxc5 31. bxc5 Kxc5 32. Rf4 Ne7 33. Nb4 Nf5 34.
Nd3+ Kc6 35. Rb4 Ne3 36. Rf6 Ra1+ 37. Kf2 Nd1+ 38. Ke2 Nxc3+ 39. Ke3 d4+ 40.
Kxd4 Nb5+ 41. Ke3 Ra3 42. Rxe6+ Kd7 43. Rb6 Nc3 44. Nc5+ Ke8 45. Rb8+ Kf7 46.
Rf4+ Ke7 47. Rb7+ Ke8 48. Kd4 Ne2+ 49. Kd5 Re3 50. Rf8+ Kxf8 51. Ne6+ Ke8 52.
Nxg5 h4 53. Rb8+ Ke7 54. Rb7+ Ke8 55. gxh4 Nf4+ 56. Kd4 Re2 57. Rh7 Rxh2 58.
Ke4 Ng6 59. Kf5 g3 60. Kxg6 g2 61. Rh8+ Ke7 62. Rh7+ Kd8 63. Nf3 Rh3 64. Ng1
Rh1 65. Ne2 Re1 66. Rg7 Rxe2 67. Kf6 Ke8 68. h5 Kf8 69. h6 Rf2+ 70. Ke6 Ra2 71.
Kf6 Rf2+ 72. Ke6 Ra2 73. Rf7+ Kg8 74. Rg7+ Kf8 75. Kf6 Rf2+ 76. Ke6 Ra2 77. Rg3
Ra6+ 78. Kd7 Rxh6 79. e6 Rh7+ 80. Kd6 Rg7 81. e7+ Rxe7 82. Rxg2 Re3 1/2-1/2

[Event "Commonwealth Chess Championship 2008"]
[Site "Nagpur India"]
[Date "2008.09.29"]
[Round "?"]
[White "Abdul, Jabbar"]
[Black "Jha, Sriram"]
[Result "0-1"]
[WhiteElo "2211"]
[BlackElo "2428"]
[PlyCount "84"]
[EventDate "2008.09.28"]
[Source "MonRoi"]

1. e4 c5 2. Nf3 d6 3. b3 Nf6 4. Bb5+ Nc6 5. Qe2 Bd7 6. Bb2 a6 7. Bxc6 Bxc6 8.
d3 e6 9. Nbd2 b5 10. h3 Be7 11. Nh2 O-O 12. O-O a5 13. c4 a4 14. e5 dxe5 15.
Bxe5 Nd7 16. Nhf3 Nxe5 17. Nxe5 Be8 18. Rab1 b4 19. Ndf3 Ra6 20. Rfd1 Rd6 21.
Rb2 f6 22. Ng4 Bc6 23. Rbd2 e5 24. Ne3 Qd7 25. Ne1 g6 26. Nf1 Rd8 27. Rb1 a3
28. Rbd1 Bf8 29. Qe3 Re6 30. Nf3 Bb7 31. Ne1 Qc6 32. Qg3 f5 33. Qh4 Rd4 34. Qg5
Be7 35. Qg3 Bh4 36. Qf3 Qc8 37. Qe3 Bf6 38. Nc2 Rd8 39. f4 Rde8 40. Ng3 Qc6 41.
fxe5 Bxe5 42. Qf2 Qc7 0-1

[Event "Commonwealth Chess Championship 2008"]
[Site "Nagpur India"]
[Date "2008.09.29"]
[Round "?"]
[White "S P, Sethuraman"]
[Black "Kherdekar, Saurabh"]
[Result "1-0"]
[WhiteElo "2425"]
[BlackElo "2213"]
[PlyCount "77"]
[EventDate "2008.09.28"]
[Source "MonRoi"]

1. e4 c5 2. Nf3 Nc6 3. d4 cxd4 4. Nxd4 g6 5. c4 Nf6 6. Nc3 Nxd4 7. Qxd4 d6 8.
f3 Bg7 9. Be3 O-O 10. Qd2 Be6 11. Rc1 Nd7 12. Be2 Qa5 13. Nd5 Qxd2+ 14. Kxd2
Bxd5 15. cxd5 Rfc8 16. Bb5 Nb6 17. b3 Bb2 18. Rc2 Ba3 19. Rb1 Rxc2+ 20. Kxc2
Rc8+ 21. Kd1 Bc5 22. Bg5 f6 23. Bd2 a6 24. Bd3 Bg1 25. Ke2 Bxh2 26. Kf2 Be5 27.
Be3 Na8 28. f4 Bc3 29. b4 b5 30. Ke2 Kf7 31. a3 e5 32. dxe6+ Kxe6 33. Bc2 Kd7
34. Bb3 f5 35. exf5 gxf5 36. Rc1 Rc7 37. Bd5 Bb2 38. Rb1 Rc2+ 39. Kf3 1-0

[Event "Commonwealth Chess Championship 2008"]
[Site "Nagpur India"]
[Date "2008.09.29"]
[Round "?"]
[White "E P, Nirmal"]
[Black "P D S, Girinath"]
[Result "0-1"]
[WhiteElo "2211"]
[BlackElo "2423"]
[PlyCount "130"]
[EventDate "2008.09.28"]
[Source "MonRoi"]

1. e4 c5 2. Nf3 e6 3. c3 d5 4. exd5 exd5 5. d4 Nc6 6. Bb5 Bd6 7. O-O Nge7 8.
dxc5 Bxc5 9. Nd4 O-O 10. Be3 Bd6 11. Nd2 Nxd4 12. Bxd4 Nf5 13. Nf3 Qc7 14. Re1
Rd8 15. Be5 Be6 16. Bxd6 Rxd6 17. Nd4 Nxd4 18. cxd4 Rb6 19. Rc1 Qd8 20. Qe2 Qg5
21. Bd3 Rb4 22. Rc7 g6 23. a3 Rxd4 24. Rxb7 Rc8 25. h3 Rc1 26. Rxc1 Qxc1+ 27.
Kh2 Qc8 28. Ba6 Re4 29. Qf3 Qc6 30. Qf6 Qd6+ 31. g3 Qe5 32. Qxe5 Rxe5 33. Rxa7
h5 34. Bd3 Re1 35. Kg2 Rd1 36. Bb5 Bf5 37. Kf3 Bxh3 38. Bd7 Bxd7 39. Rxd7 Rd3+
40. Kf4 Rb3 41. Rxd5 Rxb2 42. f3 Kg7 43. Rd4 Ra2 44. Rd3 Re2 45. Rd7 Kf6 46.
Rd6+ Ke7 47. Rd3 Kf6 48. Rd6+ Kg7 49. Rd7 Re6 50. Rd4 Re1 51. Re4 Ra1 52. Re3
Kf6 53. Ke4 g5 54. f4 g4 55. Kd4 h4 56. gxh4 Kf5 57. Re7 f6 58. h5 Rh1 59. a4
Rxh5 60. a5 Kxf4 61. Re4+ Kg3 62. Re6 Rxa5 63. Rxf6 Ra1 64. Ke3 Re1+ 65. Kd2
Re8 0-1

[Event "Commonwealth Chess Championship 2008"]
[Site "Nagpur India"]
[Date "2008.09.29"]
[Round "?"]
[White "R  Rajpara, Ankit"]
[Black "Swayangsu, Satyapragyan"]
[Result "0-1"]
[WhiteElo "2194"]
[BlackElo "2414"]
[PlyCount "66"]
[EventDate "2008.09.28"]
[Source "MonRoi"]

1. e4 c5 2. c3 b6 3. d4 Bb7 4. Bd3 Nf6 5. Qe2 e6 6. Nf3 Be7 7. O-O d5 8. Nbd2
Nc6 9. dxc5 bxc5 10. exd5 exd5 11. Ba6 Bxa6 12. Qxa6 Qb6 13. Qe2 O-O 14. Re1
Rfe8 15. Qd3 c4 16. Qf1 Ng4 17. Nd4 Nxd4 18. cxd4 Qxd4 19. Nf3 Qb6 20. h3 Nf6
21. Be3 Qxb2 22. Bd4 Qb7 23. Rab1 Qc6 24. Ne5 Qc7 25. Nf3 Ne4 26. Rb5 Qc6 27.
a4 Bf6 28. Rd1 h6 29. Bxf6 Nxf6 30. Nd4 Qc7 31. Nf5 a6 32. Rbb1 Rad8 33. Ne3
Qc5 0-1

[Event "Commonwealth Chess Championship 2008"]
[Site "Nagpur India"]
[Date "2008.09.29"]
[Round "?"]
[White "Krishnan B T, Murali"]
[Black "P, Priya"]
[Result "1-0"]
[WhiteElo "2412"]
[BlackElo "2190"]
[PlyCount "115"]
[EventDate "2008.09.28"]
[Source "MonRoi"]

1. d4 Nf6 2. c4 e6 3. Nc3 Bb4 4. e3 O-O 5. Bd3 c5 6. Nge2 d5 7. cxd5 cxd4 8.
exd4 Nxd5 9. O-O Be7 10. a3 Nc6 11. Bc2 g6 12. Bh6 Re8 13. Qd2 Bf6 14. Ne4 Bh8
15. Rad1 Nf6 16. Bg5 Nxe4 17. Bxe4 Qa5 18. Qc1 Qa6 19. Rfe1 Bd7 20. Be3 Rac8
21. Nc3 Ne7 22. Bd3 Qa5 23. b4 Qc7 24. Ne4 Qxc1 25. Rxc1 Rxc1 26. Rxc1 Rc8 27.
Rxc8+ Nxc8 28. Kf1 Ne7 29. Ke2 b6 30. Nd6 Nd5 31. Ba6 Kf8 32. Kd3 Ke7 33. Ne4
Nc7 34. Bc4 Bb5 35. Bxb5 Nxb5 36. a4 Nc7 37. Nc3 a6 38. Kc4 Kd7 39. Bf4 Bg7 40.
Bxc7 Kxc7 41. Ne4 h6 42. g4 Kc6 43. b5+ axb5+ 44. axb5+ Kd7 45. f3 Bf8 46. h3
Be7 47. Kd3 Bd8 48. Nd2 Kd6 49. Nc4+ Ke7 50. Ke4 Bc7 51. d5 f5+ 52. Kd4 Kd7 53.
Ne5+ Bxe5+ 54. Kxe5 exd5 55. gxf5 gxf5 56. Kxd5 f4 57. h4 Ke7 58. Kc6 1-0

[Event "Commonwealth Chess Championship 2008"]
[Site "Nagpur India"]
[Date "2008.09.29"]
[Round "?"]
[White "Upadhyaya, Anwesh"]
[Black "Roy, Saptarshi"]
[Result "1/2-1/2"]
[WhiteElo "2189"]
[BlackElo "2404"]
[PlyCount "145"]
[EventDate "2008.09.28"]
[Source "MonRoi"]

1. e4 e5 2. Nf3 Nc6 3. Bb5 a6 4. Ba4 Nf6 5. O-O Be7 6. Re1 b5 7. Bb3 d6 8. c3
O-O 9. h3 Na5 10. Bc2 d5 11. d3 Nc6 12. Nbd2 Re8 13. Nf1 h6 14. Ng3 Bf8 15. Qe2
g6 16. Bd2 Bg7 17. Rad1 Be6 18. Bc1 d4 19. Bb1 Nh7 20. cxd4 exd4 21. Bd2 h5 22.
Rc1 Qd6 23. Nh2 h4 24. Ngf1 f5 25. f4 fxe4 26. dxe4 Bc4 27. Qg4 d3 28. b3 Bf7
29. e5 Qd4+ 30. Be3 Qd5 31. Rc5 Qe6 32. Bxd3 Qxg4 33. Nxg4 Nb4 34. Be4 Rad8 35.
Rxc7 Nxa2 36. Nd2 Nf8 37. Bc6 Rc8 38. Rxc8 Rxc8 39. Bb7 Rb8 40. Be4 Nc3 41. Bf3
a5 42. Ra1 a4 43. bxa4 bxa4 44. Bd4 Na2 45. Ne4 Nd7 46. Nd6 Be6 47. Bc6 Rb4 48.
Bf2 Nb8 49. Be4 Nc3 50. Be1 Rxe4 51. Nxe4 Nxe4 52. Rxa4 Nc5 53. Ra8 Ncd7 54.
Bxh4 Kf7 55. Bg5 Bd5 56. Ra5 Ke6 57. Ne3 Be4 58. g4 Bf8 59. Kh2 Bb4 60. Ra4 Nc6
61. Nf1 Nc5 62. Ra1 Nd4 63. h4 Be1 64. Rxe1 Nf3+ 65. Kg3 Nxe1 66. h5 gxh5 67.
gxh5 Bf5 68. Kf2 Ncd3+ 69. Ke3 Ng2+ 70. Kd4 Ngxf4 71. Bxf4 Nxf4 72. Ng3 Bh7 73.
h6 1/2-1/2

[Event "Commonwealth Chess Championship 2008"]
[Site "Nagpur India"]
[Date "2008.09.29"]
[Round "?"]
[White "Arghyadip, Das"]
[Black "Vinod, Bhagwat"]
[Result "1-0"]
[WhiteElo "2404"]
[BlackElo "2187"]
[PlyCount "93"]
[EventDate "2008.09.28"]
[Source "MonRoi"]

1. e4 c5 2. Nf3 Nc6 3. d4 cxd4 4. Nxd4 Nf6 5. Nc3 e5 6. Ndb5 d6 7. Bg5 a6 8.
Na3 b5 9. Nd5 Be7 10. Bxf6 Bxf6 11. c4 b4 12. Nc2 a5 13. g3 O-O 14. b3 Bg5 15.
h4 Bh6 16. Bh3 Be6 17. Kf1 Ne7 18. Kg2 Nxd5 19. cxd5 Bxh3+ 20. Kxh3 f5 21. exf5
Rxf5 22. Kg2 Rf7 23. Rf1 Rc8 24. a3 Rfc7 25. Ra2 Qf6 26. axb4 Qf5 27. Ne1 axb4
28. Ra4 Qe4+ 29. Qf3 Qd4 30. Qd3 Qc3 31. Qe4 Rb8 32. Nd3 Bd2 33. Ra6 Rd7 34.
Rd1 Bh6 35. Qg4 Rf7 36. Rxd6 Re7 37. Re6 Rbe8 38. Rxe7 Rxe7 39. d6 Qc6+ 40. Kh2
Qxd6 41. Qc8+ Kf7 42. Qf5+ Kg8 43. Nxe5 Qb8 44. Ng4 Rf7 45. Qe6 Kf8 46. Rd4 Bc1
47. Rc4 1-0

[Event "Commonwealth Chess Championship 2008"]
[Site "Nagpur India"]
[Date "2008.09.29"]
[Round "?"]
[White "Singh Maras, Gurpreet"]
[Black "P, Karthikeyan"]
[Result "1/2-1/2"]
[WhiteElo "2187"]
[BlackElo "2402"]
[PlyCount "99"]
[EventDate "2008.09.28"]
[Source "MonRoi"]

1. e4 Nc6 2. Nf3 e5 3. Bc4 Nf6 4. d3 Bc5 5. Nc3 d6 6. Bg5 h6 7. Bh4 g5 8. Bg3
Bg4 9. h4 Nh5 10. hxg5 Nxg3 11. fxg3 Be3 12. Nd5 Bxg5 13. c3 Na5 14. Qa4+ c6
15. Nxg5 Nxc4 16. dxc4 Qxg5 17. O-O Kf8 18. Qb4 Rd8 19. Qxb7 Be6 20. Qxc6 h5
21. Nc7 Bg4 22. Qd5 Rh7 23. Rf2 Qe7 24. Qa5 Qg5 25. Nd5 f5 26. Raf1 Rf7 27. Ne3
Kg8 28. Nxf5 Rdf8 29. Qd5 Kh7 30. Qd2 Qg6 31. b4 Bxf5 32. Rxf5 Rxf5 33. Rxf5
Rxf5 34. exf5 Qxg3 35. c5 d5 36. c6 e4 37. c7 Qxc7 38. Qxd5 Qf4 39. Qf7+ Kh8
40. Qxh5+ Kg8 41. Qe8+ Kh7 42. Qe7+ Kg8 43. f6 Qc1+ 44. Kh2 Qh6+ 45. Kg3 Qg5+
46. Kf2 Qd2+ 47. Kf1 Qd1+ 48. Kf2 Qd2+ 49. Kg3 Qg5+ 50. Kh2 1/2-1/2

[Event "COMMONWEALTH CHESS CHAMPIONSHI"]
[Site "Nagpur,India"]
[Date "2008.09.29"]
[Round "2.31"]
[White "Akshayraj, Kore"]
[Black "Preethi, R."]
[Result "1-0"]
[WhiteElo "2392"]
[BlackElo "2183"]
[PlyCount "91"]
[EventDate "2008.09.28"]
[Source "MonRoi"]

1. e4 c5 2. Nf3 Nc6 3. d4 cxd4 4. Nxd4 Nf6 5. Nc3 e5 6. Ndb5 d6 7. Bg5 a6 8.
Na3 b5 9. Nd5 Be7 10. Bxf6 Bxf6 11. c3 Bg5 12. Nc2 O-O 13. a4 bxa4 14. Rxa4 Kh8
15. h4 Bh6 16. g3 Ne7 17. Ncb4 a5 18. Nxe7 Qxe7 19. Nd5 Qb7 20. b3 Be6 21. Bc4
f5 22. exf5 Bxf5 23. Ra2 Be4 24. O-O Bf3 25. Qd3 e4 26. Qd4 Qd7 27. Kh2 Qg4 28.
Re1 Rae8 29. Rxa5 Re5 30. Ne3 Bxe3 31. Qxd6 Ree8 32. Rxe3 Rf6 33. Re5 Ref8 34.
Re6 Bg2 35. Qxf8+ Rxf8 36. Kxg2 Qf5 37. Re2 Qf3+ 38. Kh2 Qxc3 39. R6xe4 g6 40.
f4 h5 41. R4e3 Qd4 42. Rd3 Qb6 43. Rd7 Rc8 44. Ree7 Qf2+ 45. Kh3 Rxc4 46. Re8#
1-0

[Event "COMMONWEALTH CHESS CHAMPIONSHI"]
[Site "Nagpur,India"]
[Date "2008.09.29"]
[Round "2.39"]
[White "Shyam, Nikil P"]
[Black "Sahoo, Utkal Ranjan"]
[Result "0-1"]
[WhiteElo "2364"]
[BlackElo "2124"]
[PlyCount "108"]
[EventDate "2008.09.28"]
[Source "MonRoi"]

1. e4 e5 2. Nf3 Nc6 3. Bb5 a6 4. Ba4 Nf6 5. O-O Be7 6. Bxc6 dxc6 7. d3 Bd6 8.
Nbd2 O-O 9. Nc4 Re8 10. b3 b5 11. Na5 c5 12. a3 Bg4 13. h3 Bh5 14. Bd2 Nd7 15.
g4 Bg6 16. Ne1 Nf8 17. Ng2 Ne6 18. h4 f6 19. c3 c6 20. Nb7 Qd7 21. Nxd6 Qxd6
22. f4 exf4 23. Bxf4 Nxf4 24. Nxf4 Rad8 25. Qc2 c4 26. Rad1 cxd3 27. Rxd3 Bxe4
28. Rxd6 Bxc2 29. Rxd8 Rxd8 30. b4 Rd1 31. Ne6 Rxf1+ 32. Kxf1 Bd1 33. g5 Bg4
34. Nc5 fxg5 35. hxg5 Bc8 36. Kf2 Kf7 37. Ke3 h6 38. Kf4 h5 39. Ne4 Kg6 40. Nd2
h4 41. Nf3 h3 42. Kg3 Kf5 43. Kxh3 Kf4+ 44. Kg2 Be6 45. Kf2 Bd5 46. Ne1 Be4 47.
g6 Bxg6 48. Nf3 Be4 49. Nd4 Bd5 50. Ne2+ Ke4 51. Ng3+ Kd3 52. Nf5 g5 53. Nd6
Kxc3 54. Nb7 Kb3 0-1

[Event "COMMONWEALTH CHESS CHAMPIONSHI"]
[Site "Nagpur,India"]
[Date "2008.09.29"]
[Round "2.42"]
[White "West, Guy"]
[Black "Pendalwar, Pankaj"]
[Result "1-0"]
[WhiteElo "2342"]
[BlackElo "2115"]
[PlyCount "96"]
[EventDate "2008.09.28"]
[Source "MonRoi"]

1. e4 c5 2. Nf3 d6 3. d4 cxd4 4. Qxd4 Nc6 5. Bb5 Bd7 6. Bxc6 bxc6 7. O-O e5 8.
Qd3 Qc7 9. c4 Nf6 10. Nc3 Be7 11. Rd1 h6 12. b3 Be6 13. Bb2 O-O 14. Rac1 Rad8
15. b4 Qb6 16. a3 Ng4 17. Rd2 f5 18. h3 fxe4 19. Nxe4 Nf6 20. Ng3 a5 21. bxa5
Qxa5 22. c5 dxc5 23. Qc2 Rxd2 24. Nxd2 Nd7 25. Nc4 Qb5 26. Nxe5 Nxe5 27. Bxe5
c4 28. Rd1 Bf6 29. Bd6 Bf7 30. Rb1 Qd5 31. Bxf8 Kxf8 32. Rb8+ Be8 33. Nf5 Qd3
34. Qxd3 cxd3 35. Nd6 Ke7 36. Nxe8 d2 37. Rb1 Kxe8 38. Rd1 Bc3 39. Kf1 Bb2 40.
a4 Bc3 41. Ke2 Kd7 42. Rxd2+ Bxd2 43. Kxd2 Kd6 44. Kc3 Kd5 45. f4 Kc5 46. f5
Kd5 47. g4 c5 48. a5 c4 1-0